000 00423nam a22001697a 4500
003 OSt
005 20211002104838.0
008 211002b |||||||| |||| 00| 0 eng d
020 _a9788173816338
040 _cHU
082 _a631.5233/KAR
100 _aKR KAR
_qDIPAK KR KAR
_99290
245 _aPlant Breeding Biometry Biotechnology
260 _aLONDON
_bNew Central Book
_c2006
300 _a411
942 _2ddc
_cBOOKS
_n0
999 _c8675
_d8675